000 00346pam a2200145 a 4500
020 _a978-93-80358-76-5
_c
041 _h
082 _a624
100 _aSharma S.A.
_eAuthor
245 _aBuilding Construction
_cSharma S.A.
_hTextual Documents
250 _a31th Ed.
260 _bCharptar Publication
_c2013
300 _a760
930 _a1956
999 _c245703
_d245703